书目信息 |
| 题名: |
家用电子产品维修工
|
|
| 作者: | 陈丽波 主编 | |
| 分册: | 基础知识 | |
| 出版信息: | 北京 中国劳动社会保障出版社 2012.8 |
|
| 页数: | 185页 | |
| 开本: | 26cm | |
| 丛书名: | ||
| 单 册: | ||
| 中图分类: | TM925.07 | |
| 科图分类: | ||
| 主题词: | 日用电气器具--维修--职业培训--教材 , 日用电气器具 | |
| 电子资源: | ||
| ISBN: | 978-7-5045-9827-1 | |
| 000 | 01036nam0 2200265 450 | |
| 001 | 0400002284 | |
| 005 | 20171020160138.0 | |
| 010 | @a978-7-5045-9827-1@dCNY26.00 | |
| 100 | @a20130127e20172012em y0chiy50 ea | |
| 101 | 0 | @achi |
| 102 | @aCN@b110000 | |
| 105 | @ay z 000yy | |
| 106 | @ar | |
| 200 | 1 | @a家用电子产品维修工@9jia yong dian zi chan pin wei xiu gong@i基础知识@f陈丽波主编 |
| 210 | @a北京@c中国劳动社会保障出版社@d2012.8@h2017.6 | |
| 215 | @a185页@d26cm | |
| 300 | @a国家职业资格培训教程 国家职业技能鉴定推荐教程 | |
| 304 | @a中国就业培训技术指导中心组织编写 | |
| 330 | @a本书介绍了各级别家用电子产品维修工应掌握的基础知识,涉及职业道德与职业守则,电工基础知识,半导体二极管和三极管,模拟电路基础,电源电路,电声器件基础,信号传输基础,常用电子仪器仪表,电路焊接、机械拆装与安全操作规程等内容。 | |
| 606 | 0 | @a日用电气器具@x维修@x职业培训@j教材 |
| 606 | 0 | @a日用电气器具 |
| 690 | @aTM925.07@v5 | |
| 701 | 0 | @a陈丽波@9chen li bo@4主编 |
| 801 | 0 | @aCN@b91MARC@c20171020 |
| 905 | @b1026751-5@dTM925.07@f5@e162 | |
| 家用电子产品维修工.基础知识/陈丽波主编.-北京:中国劳动社会保障出版社,2012.8(2017.6) |
| 185页;26cm |
| 国家职业资格培训教程 国家职业技能鉴定推荐教程 |
| ISBN 978-7-5045-9827-1:CNY26.00 |
| 本书介绍了各级别家用电子产品维修工应掌握的基础知识,涉及职业道德与职业守则,电工基础知识,半导体二极管和三极管,模拟电路基础,电源电路,电声器件基础,信号传输基础,常用电子仪器仪表,电路焊接、机械拆装与安全操作规程等内容。 |
| ● |
| 相关链接 |
|
|
|
|
正题名:家用电子产品维修工
索取号:TM925.07/162
 
预约/预借
| 序号 | 登录号 | 条形码 | 馆藏地/架位号 | 状态 | 备注 |
| 1 | 1026751 | 210267511 | 第二样本阅览室/ [索取号:TM925.07/162] | 在馆 | |
| 2 | 1026752 | 210267520 | 化学系资料室/ [索取号:TM925.07/162] | 在馆 | |
| 3 | 1026753 | 210267539 | 第三借阅区/ [索取号:TM925.07/162] | 在馆 | |
| 4 | 1026754 | 210267548 | 第三借阅区/ [索取号:TM925.07/162] | 在馆 | |
| 5 | 1026755 | 210267557 | 第三借阅区/ [索取号:TM925.07/162] | 在馆 |